| 000 | 01284nam a2200325 i 4500 | ||
|---|---|---|---|
| 001 | 106815 | ||
| 003 | ES-MaACL | ||
| 005 | 20231006093126.0 | ||
| 007 | t| | ||
| 008 | 061229s1962 sp ||||1| spa d | ||
| 080 | _a739.2(083.824) | ||
| 100 | 1 |
_aPomodoro, Arnaldo. _992929 |
|
| 245 | 1 | 0 |
_aJoyas de Arnaldo y Gio Pomodoro _b: [exposición, Sala de Santa Catalina del Ateneo de Madrid, 23 de enero-11 de febrero de 1962] / _c[texto: Gilbert André]. |
| 260 |
_aMadrid : _bEditora Nacional, _c1962. |
||
| 300 |
_a[38] p. : _bprincipalmente il. n. ; _c18 cm. |
||
| 490 | 1 |
_aCuadernos de arte. Colección extraordinaria ; _v8 |
|
| 600 | 1 | 4 |
_aPomodoro, Arnaldo- _vExposiciones. _992930 |
| 600 | 1 | 4 |
_aPomodoro, Gio- _vExposiciones. _992932 |
| 610 | 2 | 7 |
_aAteneo de Madrid- _vExposiciones- _y1960-1969. _91920 |
| 650 | 1 | 4 |
_aJoyas- _vExposiciones. _913961 |
| 655 | 7 |
_2tgfbne _9193628 _aCatálogos de exposiciones |
|
| 700 | 1 |
_aPomodoro, Gio. _992931 |
|
| 700 | 1 |
_aAndré, Gilbert. _921535 |
|
| 710 | 2 |
_aAteneo de Madrid. _bSala de Santa Catalina. _91964 |
|
| 830 | 0 |
_aCuadernos de arte. Colección extraordinaria ; _v8 _9185320 |
|
| 852 |
_aES-MaACL _j2212-F-8 _9110885 _bR.138516 _cDEPOF |
||
| 852 |
_aES-MaACL _j2255-F-18. |
||
| 942 |
_2udc _cMONOGRAFIA |
||
| 999 |
_c106815 _d106815 |
||